<?xml version="1.0" encoding="UTF-8"?>
<record
    xmlns:xsi="http://www.w3.org/2001/XMLSchema-instance"
    xsi:schemaLocation="http://www.loc.gov/MARC21/slim http://www.loc.gov/standards/marcxml/schema/MARC21slim.xsd"
    xmlns="http://www.loc.gov/MARC21/slim">

  <leader>00975nam2a2200205   4500</leader>
  <controlfield tag="001">RU\NLR\PER_A\002950180_000930</controlfield>
  <controlfield tag="005">20250626141231.0</controlfield>
  <datafield tag="035" ind1=" " ind2=" ">
    <subfield code="a">(NLR Aleph) 011858800</subfield>
  </datafield>
  <datafield tag="090" ind1=" " ind2=" ">
    <subfield code="a">12141488</subfield>
    <subfield code="c">12141488</subfield>
  </datafield>
  <datafield tag="100" ind1=" " ind2=" ">
    <subfield code="a">20181108d2010    |||y0rusy50      ca</subfield>
  </datafield>
  <datafield tag="101" ind1="0" ind2=" ">
    <subfield code="a">rus</subfield>
  </datafield>
  <datafield tag="102" ind1=" " ind2=" ">
    <subfield code="a">RU</subfield>
  </datafield>
  <datafield tag="200" ind1="0" ind2=" ">
    <subfield code="a">2010, &#x2116; 2 (61)</subfield>
  </datafield>
  <datafield tag="210" ind1=" " ind2=" ">
    <subfield code="d">2010</subfield>
    <subfield code="a">&#x411;. &#x43C;.</subfield>
  </datafield>
  <datafield tag="461" ind1=" " ind2="0">
    <subfield code="1">001RU\NLR\Per\702556</subfield>
    <subfield code="1">2001#$a&#x41E;&#x43C;&#x441;&#x43A;&#x438;&#x439; &#x432;&#x435;&#x441;&#x442;&#x43D;&#x438;&#x43A;. &#x414;&#x435;&#x43B;&#x43E;&#x432;&#x430;&#x44F; &#x441;&#x440;&#x435;&#x434;&#x430;$e&#x434;&#x435;&#x43B;&#x43E;&#x432;&#x43E;&#x439; &#x438;&#x43D;&#x444;&#x43E;&#x440;&#x43C;&#x430;&#x446;&#x438;&#x43E;&#x43D;&#x43D;&#x43E;-&#x430;&#x43D;&#x430;&#x43B;&#x438;&#x442;&#x438;&#x447;&#x435;&#x441;&#x43A;&#x438;&#x439; &#x436;&#x443;&#x440;&#x43D;&#x430;&#x43B;$e&#x43E;&#x43C;&#x441;&#x43A;&#x438;&#x439; &#x434;&#x435;&#x43B;&#x43E;&#x432;&#x43E;&#x439; &#x436;&#x443;&#x440;&#x43D;&#x430;&#x43B;$v2010, &#x2116; 2 (61)</subfield>
    <subfield code="9">3879601</subfield>
    <subfield code="c">&#x41E;&#x43C;&#x441;&#x43A;</subfield>
    <subfield code="d">2010 -</subfield>
    <subfield code="n">&#x420;&#x435;&#x434;&#x430;&#x43A;&#x446;&#x438;&#x44F; &#x433;&#x430;&#x437;&#x435;&#x442;&#x44B; "&#x41E;&#x43C;&#x441;&#x43A;&#x430;&#x44F; &#x43F;&#x440;&#x430;&#x432;&#x434;&#x430;"</subfield>
    <subfield code="o">&#x434;&#x435;&#x43B;&#x43E;&#x432;&#x43E;&#x439; &#x438;&#x43D;&#x444;&#x43E;&#x440;&#x43C;&#x430;&#x446;&#x438;&#x43E;&#x43D;&#x43D;&#x43E;-&#x430;&#x43D;&#x430;&#x43B;&#x438;&#x442;&#x438;&#x447;&#x435;&#x441;&#x43A;&#x438;&#x439; &#x436;&#x443;&#x440;&#x43D;&#x430;&#x43B; : &#x43E;&#x43C;&#x441;&#x43A;&#x438;&#x439; &#x434;&#x435;&#x43B;&#x43E;&#x432;&#x43E;&#x439; &#x436;&#x443;&#x440;&#x43D;&#x430;&#x43B;</subfield>
    <subfield code="t">&#x41E;&#x43C;&#x441;&#x43A;&#x438;&#x439; &#x432;&#x435;&#x441;&#x442;&#x43D;&#x438;&#x43A;. &#x414;&#x435;&#x43B;&#x43E;&#x432;&#x430;&#x44F; &#x441;&#x440;&#x435;&#x434;&#x430;</subfield>
    <subfield code="v">2010, &#x2116; 2 (61)</subfield>
  </datafield>
  <datafield tag="852" ind1=" " ind2=" ">
    <subfield code="a">NLR</subfield>
    <subfield code="j">&#x41F;23/7975</subfield>
  </datafield>
  <datafield tag="942" ind1=" " ind2=" ">
    <subfield code="c">ISSUE</subfield>
  </datafield>
  <datafield tag="980" ind1=" " ind2=" ">
    <subfield code="a">NB</subfield>
  </datafield>
  <datafield tag="980" ind1=" " ind2=" ">
    <subfield code="a">RUSPER</subfield>
  </datafield>
</record>
